Star Academy - Saison 13 - Statistiques

Statistiques générales
  • Ce quiz a été pris 242 fois
  • Le résultat moyen est 16 sur 17
Statistiques - réponses
Par images Réponse % Correct
Ambre
100%
Léa
100%
Anouk
99%
Jeanne
99%
Léo
99%
Sarah
99%
Théo L
99%
Théo P
99%
Victor
99%
Mélissa
98%
Bastiaan
97%
Ema
94%
Lenny
94%
Léane
93%
Lily
93%
Mehdi
93%
Noah
91%
Aucun quiz correspondant
Distribution des résultats
% des personnes avec chaque résultat
Percentile par nombre de réponses
Votre historique - résultats
Vous n’avez pas pris ce quiz